5 capitales les moins peuplées par continent - Statistiques

Statistiques générales
  • Ce quiz a été pris 185 fois
    182 depuis la dernière actualisation
  • Le résultat moyen est 14 sur 30
Statistiques - réponses
Continent Population Capitale % Correct
Europe 826 Vatican
96%
Europe 4 493 Saint-Marin
84%
Europe 22 884 Andorre-la-Vieille
83%
Europe 5 248 Vaduz
79%
Europe 6 675 La Valette
66%
Amérique du sud 134 599 Georgetown
59%
Amérique du sud 764 617 La Paz
55%
Amérique du sud 520 722 Asunción
54%
Amérique du sud 254 147 Paramaribo
52%
Amérique du sud 261 201 Sucre
51%
Afrique 29 298 Victoria
46%
Afrique 125 464 Praia
43%
Océanie 4 492 Funafuti
42%
Asie 59 069 Dili
40%
Asie 103 693 Malé
40%
Océanie 22 400 Nukuʻalofa
37%
Afrique 81 594 Mbabane
36%
Amérique du nord 14 847 Roseau
36%
Océanie 271 Ngerulmud
34%
Amérique du nord 22 679 Saint John's
34%
Asie 101 259 Thimphou
34%
Asie 28 135 Bandar SeriBegawan
33%
Amérique du nord 16 451 Belmopan
33%
Amérique du nord 13 043 Basseterre
32%
Amérique du nord 7 500 Saint George's
32%
Océanie 1 100 Yaren
32%
Océanie 9 900 Palikir
30%
Afrique 34 828 Banjul
27%
Afrique 100 677 Malabo
26%
Asie 118 556 Sri Jayawarde--nepura Kotte
23%
Aucun quiz correspondant
Distribution des résultats
% des personnes avec chaque résultat
Percentile par nombre de réponses
Votre historique - résultats
Vous n’avez pas pris ce quiz depuis la dernière actualisation